Statistiken für Aufstellung Wolfsburg vs. Bayern; 04.04.2009

Klicken Sie hier um das Quiz zu spielen!

Allgemein

  • Dieses Quiz wurde 94 mal gespielt
  • Das Durchschnittsergebnis liegt bei 12 aus 28

Antwortstatistiken

HintAntwort% Korrekt
AGGrafite
87%
VTPhilipp Lahm
86%
MFBastian Schweinsteiger
84%
AGEdin Dzeko
84%
MFFranck Ribéry
71%
TWMichael Rensing
71%
TWDiego Benaglio
70%
MFZvjezdan Misimovic
64%
AGLuikas Podolski
59%
AGLuca Toni
58%
VTMarcel Schäfer
58%
VTChristian Lell
51%
MFMark van Bommel
47%
MFAndreas Ottl
46%
VTBreno
36%
VTLúcio
33%
VTAndrea Barzagli
31%
MFJosué
30%
MFZé Roberto
24%
MFChristian Gentner
23%
MFSascha Riether
19%
MFAshkan Dejagah
18%
TWAndré Lenz
14%
MFTim Borowski
13%
MFJosé Sosa
12%
VTJan Simunek
8%
VTPeter Pekarik
1%
AGYoshito Okubo
1%

Verteilung der Resultate

Perzentil nach korrekt beantworteten Fragen

Anzahl Personen mit jedem Resultat

Ihre Resultats-Entwicklung

Sie haben dieses Quiz noch nicht gespielt